000 00677nam a22001937a 4500
005 20251108173304.0
008 250721s2005 xx 000 0 ara d
082 1 4 _a612.7/شوا
100 1 _aشواهين، خير
245 1 0 _aأجهزة الإحساس عند الإنسان تجارب وأنشطة وقياسات ، استخدام الحاسوب والالكترونيات /
264 1 _aاربد :
_bدار الأمل للنشر والتوزيع،
_c2005.
300 _a128 ص.
490 0 _aعلوم للهواة
_v(2)
650 1 7 _aالفسيولوجيا
650 1 7 _aعلم الوظائف
650 1 7 _aالحاسوب
942 _2ddc
_cBK
999 _c100444
_d100444